| 000 | 00000nas 2200000za 4500 |
| 001 | 9.840733 |
| 003 | CaOODSP |
| 005 | 20221107151921 |
| 007 | cr ||||||||||| |
| 008 | 170731d20082010oncar p o f0###a0eng|d |
| 040 | |aCaOODSP|beng |
| 043 | |an-cn--- |
| 086 | 1 |aCC261-2E-PDF |
| 110 | 2 |aNational Arts Centre (Canada) |
| 245 | 10|aAnnual report on the administration of the Access to Information Act |h[electronic resource] / |cNational Arts Centre. |
| 260 | |a[Ottawa] : |bNational Arts Centre, |c[2008-2010] |
| 310 | |aAnnual |
| 362 | 1 |aBegan with 2007/2008; ceased with 2009/2010. |
| 500 | |aIssued also in French under title: Rapport annuel sur l'application de la Loi sur l'accès à l'information. |
| 500 | |aCover title. |
| 692 | 07|2gccst|aAccess to information |
| 775 | 08|tRapport annuel sur l'application de la Loi sur l'accès à l'information |w(CaOODSP)9.840745 |
| 785 | 00|tAnnual report on the administration of the Access to Information Act and Privacy Act |w(CaOODSP)9.841181 |